Statistics for Auto Vocabulary Words Quiz

Click here to take the quiz!

General Stats

  • This quiz has been taken 21,705 times
    (21,698 since last reset)
  • The average score is 9 of 18

Answer Stats

Definition Word % Correct
MemoirAutobiography
92%
Opposite of manualAutomatic
91%
Motorized vehicleAutomobile
86%
SignatureAutograph
81%
How a plane flies itselfAutopilot
78%
Post-mortem examinationAutopsy
76%
High-speed German highwayAutobahn
71%
DictatorAutocrat
66%
Condition in which a body attacks
its own cells
Autoimmunity
66%
Camera settingAutofocus
49%
RobotAutomaton
33%
Self governmentAutonomy
30%
MasturbatoryAutoerotic
29%
Laboratory sterilization machineAutoclave
24%
GM employee, for exampleAutoworker
23%
Self-taught personAutodidact
16%
Freeway in QuebecAutoroute
9%
Relative of the helicopterAutogyro
8%

Score Distribution

Percentile by Number Answered

Percent of People with Each Score

Your Score History

You have not taken this quiz since the last reset